Inmigración en España por país - Nivel extremo - Estadísticas

Estadísticas generales
  • Esta prueba ha sido intentada 133 veces
  • La puntuación promedio es 44 de 50
Estadísticas de respuestas
Población País % Correcto
415.987 Argentina
100%
1.092.892 Marruecos
99%
599.769 Venezuela
99%
856.616 Colombia
98%
378.924 Perú
98%
134.068 Rusia
98%
177.715 Alemania
97%
87.854 Argelia
97%
448.643 Ecuador
97%
217.247 Francia
97%
160.201 Italia
97%
79.581 México
97%
198.805 China
96%
285.093 Reino Unido
96%
89.595 Uruguay
96%
223.532 Cuba
95%
65.799 India
95%
96.187 Portugal
95%
69.171 Estados Unidos
94%
146.047 Paraguay
94%
54.832 Polonia
94%
532.456 Rumanía
94%
95.812 Senegal
94%
179.033 Brasil
93%
189.285 Bolivia
92%
76.638 Chile
92%
201.162 República Dominicana
92%
215.700 Ucrania
92%
19.642 Irlanda
91%
22.408 Suecia
89%
201.319 Honduras
88%
123.882 Pakistán
87%
59.718 Suiza
87%
15.313 Guinea
86%
87.786 Nicaragua
86%
10.640 Noruega
86%
54.776 Bélgica
84%
11.940 Finlandia
83%
34.067 Nigeria
83%
57.711 Países Bajos
83%
104.756 Bulgaria
80%
25.281 Guinea Ecuatorial
79%
57.498 Filipinas
77%
12.309 Mauritania
77%
32.953 Mali
73%
22.961 Ghana
68%
24.923 Moldavia
56%
21.416 Bangladés
55%
28.750 Gambia
53%
15.365 Lituania
50%
No se encontraron pruebas coincidentes
Distribución de puntuación
Porcentaje de gente con cada puntuación
Porcentaje por número respondido
Historial de tus puntuaciones
No has intentado esta prueba.